Kpop Idols in Other Groups' Music Videos - Statistics

General Stats
  • This quiz has been taken 131 times
  • The average score is 3 of 13
Answer Stats
MV Idol % Correct
Psy - Gangnam Style Hyuna
88%
G-Dragon - That XX Jennie
47%
Got7 - A Sana
45%
Got7 - Girls Girls Girls Nayeon
37%
Got7 - Stop Stop It Dahyun
34%
Psy - New Face Naeun
17%
SNSD - Genie (Japanese version) Chanyeol
16%
Mad Clown - Fire Hani
9%
Jun K - Your Wedding Nayeon
9%
Pentagon - Pretty Pretty Chungha
8%
Up10tion - White Night Somi
7%
Jay Park ft. Okasian - You Know Hyuna
6%
Melody Day - Speed Up Jinyoung
3%
No matching quizzes found
Score Distribution
Percent of People with Each Score
Percentile by Number Answered
Your Score History
You have not taken this quiz